000
00305nam a22001457a 4500
008
210310b ||||| |||| 00| 0 eng d
020
_a
9780078617263
041
_a
eng
080
_a
37
082
_a
37
100
_a
46
101
_a
EDU
245
_a
Signature Reading
_c
Miller, M
942
_2
udc
_c
BK
999
_c
56132
_d
56132